| 000 | 01278nam a2200205Ia 4500 | ||
|---|---|---|---|
| 003 | Ost | ||
| 005 | 20260507075641.0 | ||
| 008 | 260507s9999||||xx |||||||||||||| ||und|| | ||
| 040 | _cfsecg | ||
| 041 | _aara | ||
| 082 | _a331.12 | ||
| 100 |
_aماهر، أحمد _eمؤلف |
||
| 245 | 0 |
_aتقليل العمالة / _c أحمد ماهر |
|
| 260 |
_aالإسكندرية: _bالدار الجامعية, _c2000 |
||
| 300 |
_a374 صفحة؛ _bإيضاحات ؛ _c24 سم |
||
| 520 | _aماهية وأهمية تخفيض العمالة- مشاكل تخفيض العمالة - الإعداد لعملية تخفيض العمالة- استراتيجيات ومداخل تخفيض العمالة- دراسة الجوانب القانونية لتخفيض العمالة- تأثير تخفيض العمالة على الهيكل التنظيمي - تحليل هيكل وحركة العمالة بالمنظمة- أساليب تخفيض العمالة- معايير تخفيض العمالة- تحديد عدد ونوع العمالة التي سيتم الإستغناء عنها- العلاقة بين تخفيض العمالة والبطالة- تجارب الدول في تخفيض العمالة | ||
| 653 | _aالتشغيل | ||
| 653 | _aالعمالة | ||
| 942 | _cكتاب | ||
| 999 |
_c45414 _d45414 |
||